Hodnocení chovného prostředí v objektech pro ustájení hospodářských zvířat /

Hlavní autor: Novák, Pavel, 1961-
Další autoři: Malá, Gabriela, 1975-
Jazyk: Čeština
Vydáno: Praha : Výzkumný ústav živočišné výroby, v.v.i., 2018
Edice: Certifikovaná metodika
Témata:
Fyzický popis: 26 stran ; 30 cm
Knihy
Uloženo v:
LEADER 01793nam a2200481 i 4500
001 nkc20193092441
003 CZ PrNK
005 20190531103348.0
007 ta
008 190417s2018 xr f f 000 0 cze
015 |a cnb003092441 
020 |a 978-80-7403-213-4  |q (brožováno) 
035 |a (OCoLC)1104143601 
040 |a OLA001  |b cze  |e rda 
072 7 |a 636  |x Chov zvířat. Živočišná výroba  |2 Konspekt  |9 24 
080 |a 636.083.31  |2 MRF 
080 |a 636.08  |2 MRF 
080 |a 636.08:179.3  |2 MRF 
080 |a (083.744)  |2 MRF 
100 1 |a Novák, Pavel,  |d 1961-  |7 jo2002104811  |4 aut 
245 1 0 |a Hodnocení chovného prostředí v objektech pro ustájení hospodářských zvířat /  |c autoři Pavel Novák, Gabriela Malá 
264 1 |a Praha :  |b Výzkumný ústav živočišné výroby, v.v.i.,  |c 2018 
300 |a 26 stran ;  |c 30 cm 
336 |a text  |b txt  |2 rdacontent 
337 |a bez média  |b n  |2 rdamedia 
338 |a svazek  |b nc  |2 rdacarrier 
490 1 |a Certifikovaná metodika 
504 |a Obsahuje bibliografie 
650 0 7 |a ustájení hospodářských zvířat  |7 ph135093  |2 czenas 
650 0 7 |a chov hospodářských zvířat  |7 ph119201  |2 czenas 
650 0 7 |a životní pohoda zvířat  |7 ph136873  |2 czenas 
650 0 9 |a livestock stabling  |2 eczenas 
650 0 9 |a livestock keeping  |2 eczenas 
650 0 9 |a animal welfare  |2 eczenas 
655 7 |a certifikované metodiky  |7 fd806827  |2 czenas 
655 9 |a certified methodology  |2 eczenas 
700 1 |a Malá, Gabriela,  |d 1975-  |7 ola2006357570  |4 aut 
810 2 |a Výzkumný ústav živočišné výroby.  |t Metodika  |0 s 
910 2 |a BOA001  |b 4-1428.382 
990 |a BK 
995 |a 01 
991 |b 201905  |c NOV 
996 6 |b 2610780046  |c 4-1428.382  |l MZK  |r Sklad / do 1 hodiny  |n 4  |p p.v.  |w 001720971  |u 000010  |a 1  |e BOA001  |j MZK50  |s P